书目信息 |
| 题名: |
红雨
|
|
| 作者: | 罗 著 ;李里峰 译 | |
| 分册: | ||
| 出版信息: | 北京 中国人民大学出版社 2014 |
|
| 页数: | 414页 | |
| 开本: | 23cm | |
| 丛书名: | 海外中国研究文库 | |
| 单 册: | ||
| 中图分类: | K296.33 | |
| 科图分类: | ||
| 主题词: | ||
| 电子资源: | ||
| ISBN: | 978-7-300-18318-3 | |
| 000 | 01270nam0 22002891 450 | |
| 001 | 349737 | |
| 005 | 20161010153224.18 | |
| 010 | @a978-7-300-18318-3@dCNY69.00 | |
| 100 | @a20140120d2014 em y0chiy50 ea | |
| 101 | 1 | @achi@ceng |
| 102 | @aCN@b110000 | |
| 105 | @aa z 001yd | |
| 106 | @ar | |
| 200 | 1 | @a红雨@AHong Yu@e一个中国县域七个世纪的暴力史@dCrimson rain@eseven centuries of violence in a Chinese county@f(美)罗威廉著@g李里峰等译@zeng |
| 210 | @a北京@c中国人民大学出版社@d2014 | |
| 215 | @a414页@c照片@d23cm | |
| 225 | 2 | @a海外中国研究文库@AHai Wai Zhong Guo Yan Jiu Wen Ku |
| 330 | @a本书研究了从元末农民大起义一直到场20世纪三十年代的湖北麻城。从宏观上透视中国政治社会变迁,并暗示暴力超越朝代和政权的恒久,深化了前人对地方社会的认识,凸显了各阶层对暴力的感知,给读者展示出精彩的历史画卷。 | |
| 461 | 0 | @12001 @a海外中国研究文库 |
| 510 | 1 | @aCrimson rain@eseven centuries of violence in a Chinese county@zeng |
| 517 | 1 | @a一个中国县域七个世纪的暴力史@AYi Ge Zhong Guo Xian Yu Qi Ge Shi Ji De Bao Li Shi |
| 607 | @a麻城@AMa Cheng@x地方史@x研究 | |
| 690 | @aK296.33@v5 | |
| 701 | 0 | @c(美)@a罗@ALuo@c(Rowe, William T.)@4著 |
| 702 | 0 | @a李里峰@ALi Li Feng@f(1976~)@4译 |
| 801 | 0 | @aCN@bTANGWEI@20160730 |
| 905 | @b0886510-4@dK296.33@e212@f5 | |
| 红雨:一个中国县域七个世纪的暴力史=Crimson rain:seven centuries of violence in a Chinese county/(美)罗威廉著/李里峰等译.-北京:中国人民大学出版社,2014 |
| 414页:照片;23cm.-(海外中国研究文库) |
| ISBN 978-7-300-18318-3:CNY69.00 |
| 本书研究了从元末农民大起义一直到场20世纪三十年代的湖北麻城。从宏观上透视中国政治社会变迁,并暗示暴力超越朝代和政权的恒久,深化了前人对地方社会的认识,凸显了各阶层对暴力的感知,给读者展示出精彩的历史画卷。 |
| ● |
| 相关链接 |
|
|
|
|
正题名:红雨
索取号:K296.33/212
 
预约/预借
| 序号 | 登录号 | 条形码 | 馆藏地/架位号 | 状态 | 备注 |
| 1 | 0886510 | 208865101 | 第二样本阅览室/ [索取号:K296.33/212] | 在馆 | |
| 2 | 0886511 | 208865110 | 第二借阅区/ [索取号:K296.33/212] | 在馆 | |
| 3 | 0886512 | 208865129 | 史法系资料室/ [索取号:K296.33/212] | 在馆 | |
| 4 | 0886513 | 208865138 | 第二借阅区/ [索取号:K296.33/212] | 在馆 | |
| 5 | 0886514 | 208865147 | 第二借阅区/ [索取号:K296.33/212] | 在馆 |